Estabilitat, equilibri i planificació pressupostària a l'administració local : assistència a la formació econòmica local / documentació realitzada per: Josep Casas ; organització i coordinació: Intervenció General, Servei d'Assistència a la Gestió Econòmica Local assistència a la formació econòmica local / documentació realitzada per:
MARC
| LEADER | 00000nam a2200000Ia 4500 | ||
|---|---|---|---|
| 001 | 21340 | ||
| 008 | 160829s9999 xx 000 0 cat d | ||
| 080 | |a M-6-182 | ||
| 100 | |a Casas Serra, Josep |9 44552 | ||
| 245 | |a Estabilitat, equilibri i planificació pressupostària a l'administració local : |b assistència a la formació econòmica local / documentació realitzada per: |b Josep Casas ; organització i coordinació: |b Intervenció General, Servei d'Assistència a la Gestió Econòmica Local | ||
| 260 | |a Barcelona : |b Diputació de Barcelona. Àrea d'Hisenda i Recursos Interns. Intervenció General. Servei d'Assistència a la Gestió Econòmica Local, [2008] | ||
| 300 | |a 107 p. ; |c 29 cm | ||
| 650 | 0 | |a Pressupost |9 40977 | |
| 650 | 0 | |a Pressupostos locals |9 23015 | |
| 650 | |a Equilibri (Economia) |9 40978 | ||
| 710 | 1 | |a Barcelona (Catalunya : Província). |b Servei d’Assistència a la Gestió Econòmica Local |9 53081 | |
| 901 | |a Arxiu | ||
| 942 | |n 1 | ||
| 952 | |0 0 |1 0 |4 0 |6 M6182 |7 1 |9 51909 |a Arxiu |b Arxiu |d 2016-12-01 |l 0 |o M-6-182 |p 21340 |r 2016-12-01 00:00:00 |w 2016-12-01 |y ARXIU | ||
| 999 | |c 55755 |d 55755 | ||